Ovládanie a monitorovanie zariadení IoT s využitím počítačom generovanej reality

Saved in:
Bibliographic Details
Main Author: Zaujec, Peter (Author)
Other Authors: Kučera, Erik (Thesis advisor)
Format: Manuscript Book
Language:Slovak
Published: Bratislava : STU v Bratislave, FEI 2020
Subjects:
Online Access:http://opac.crzp.sk/?fn=detailBiblioForm&sid=7F3536D8180CDFBB194A30A24ED7&seo=CRZP-detail-kniha
Tags: Add Tag
No Tags, Be the first to tag this record!

MARC

LEADER 00000ntm a22000003a 4500
001 stuzp74053
003 SK-STU
005 20200710114751.4
007 ta
008 150427s2015----xo-----f-mn---000-0-slo-d
040 |a STU  |b slo 
041 0 |a slo 
044 |a xo 
100 1 |a Zaujec, Peter  |u 030400  |4 aut  |U FEI Fakulta elektrotechniky a informatiky  |T FEI Ústav automobilovej mechatroniky  |X 76058  |U E400  |Y 642  |7 76058 
242 0 1 |a Control and monitoring of IoT devices using computer-generated reality  |y eng 
245 1 0 |a Ovládanie a monitorovanie zariadení IoT s využitím počítačom generovanej reality 
260 |c 2020  |a Bratislava :  |b STU v Bratislave, FEI 
300 |a 67 s. 
650 4 |a IoT  |2 slo 
650 4 |a Unity  |2 slo 
650 4 |a Wikitude  |2 slo 
650 4 |a IoT  |2 eng 
650 4 |a Unity  |2 eng 
650 4 |a Wikitude  |2 eng 
700 1 |a Kučera, Erik  |u 030400  |k Z1  |4 ths  |U FEI Fakulta elektrotechniky a informatiky  |T FEI Ústav automobilovej mechatroniky  |X 55901  |U E400  |Y 642  |7 A000055901 
856 4 |u http://opac.crzp.sk/?fn=detailBiblioForm&sid=7F3536D8180CDFBB194A30A24ED7&seo=CRZP-detail-kniha